A par e passo: matemática, 6º ano
Guardado en:
| Autor principal: | |
|---|---|
| Otros Autores: | |
| Formato: | Desconocido |
| Lenguaje: | portugués |
| Publicado: |
Cacém
Texto
imp. 2001
|
| Edición: | 1ª ed |
| Catálogo: | MANES: Resultados de Búsqueda del Catálogo |
| Clasificación de libros de texto: |
|
| Etiquetas: |
Agregar Etiqueta
Sin Etiquetas, Sea el primero en etiquetar este registro!
|
| Añadido a: | 2016-04-26 |
| Cambiado en: | 2025-04-25 |
MARC
| LEADER | 000000000a22000000004500 | ||
|---|---|---|---|
| 001 | 28251 | ||
| 003 | OSt | ||
| 005 | 20250425111449.0 | ||
| 008 | 160427s pt ||||| |||| 00| 0 por d | ||
| 040 | |c centro_manes | ||
| 041 | 1 | |a por | |
| 100 | 1 | |a Martins, Irene |9 15783 | |
| 245 | 0 | 0 | |a A par e passo: matemática, 6º ano |
| 250 | |a 1ª ed | ||
| 260 | 3 | |a Cacém |b Texto |c imp. 2001 | |
| 300 | |a 64 p.; |c 27 cm | ||
| 561 | |5 pt-BNP |a Portugal. Biblioteca Nacional de Portugal |k MANES | ||
| 690 | 0 | |a MATE | |
| 691 | |a SE | ||
| 700 | 1 | |a Santos, Elvira |9 14870 | |
| 942 | |2 ddc |c BK | ||
| 546 | |a Portugal | ||
| 999 | |c 29713 |d 29713 | ||
| 999 | |c manes:29713 |d 29713 | ||